|
|
|
|
| LEADER |
00000nas a2200000 a 4500 |
| 001 |
ssj0011083 |
| 003 |
WaSeSS |
| 005 |
20200512172242.0 |
| 006 |
m d |
| 007 |
cr n |
| 008 |
050614c19759999aluar s gv 0 0eng c |
| 010 |
|
|
|a 2007247543
|
| 022 |
|
|
|y 0098-5961
|
| 035 |
|
|
|a (WaSeSS)ssj0011083
|
| 040 |
|
|
|a OCLCS
|b eng
|c OCLCS
|d GAO
|d MUQ
|d SBH
|d DOS
|d OCLCQ
|d OCLCF
|d OCLCO
|d CHVBK
|d OCLCQ
|d OCLCO
|d OCLCQ
|d XFH
|d BUF
|d UUM
|d OCLCO
|d MOW
|d WYU
|d OCLCO
|d U3W
|d AUD
|d VT2
|d OCLCO
|d YOR
|d WaSeSS
|
| 042 |
|
|
|a pcc
|
| 043 |
|
|
|a n-us-al
|
| 050 |
|
4 |
|a K12
|b .A923
|
| 060 |
0 |
0 |
|a W1
|b LA945
|
| 082 |
0 |
4 |
|a 340.1/9
|
| 130 |
0 |
|
|a Law & psychology review (Online)
|
| 245 |
1 |
0 |
|a Law & psychology review
|h [electronic resource].
|
| 246 |
1 |
3 |
|a Law and psychology review
|
| 246 |
1 |
3 |
|a Law & Psychol. Rev
|
| 260 |
|
|
|a [University, Ala.] :
|b [publisher not identified]
|
| 310 |
|
|
|a Annual
|
| 362 |
1 |
|
|a Began with vol. 1 (1975).
|
| 506 |
|
|
|a License restrictions may limit access.
|
| 515 |
|
|
|a Issues for 1976- called v. 2-
|
| 538 |
|
|
|a Mode of access: World Wide Web.
|
| 550 |
|
|
|a Published by: University of Alabama, <1979>-1997; by: University of Alabama, School of Law, 1998-
|
| 588 |
|
|
|a Description based on first issue; title from preface (Hein Online, viewed Oct. 15, 2007).
|
| 588 |
|
|
|a Latest issue consulted: Vol. 30 (spring 2006) (Hein Online, viewed Oct. 15, 2007).
|
| 650 |
|
0 |
|a Law
|v Periodicals.
|
| 650 |
|
0 |
|a Psychology
|v Periodicals.
|
| 650 |
|
6 |
|a Droit
|v Périodiques.
|
| 650 |
|
6 |
|a Psychologie
|v Périodiques.
|
| 650 |
|
7 |
|a Law.
|2 fast
|0 (OCoLC)fst00993678
|
| 650 |
|
7 |
|a Psychology.
|2 fast
|0 (OCoLC)fst01081447
|
| 650 |
|
2 |
|a Jurisprudence.
|
| 650 |
|
2 |
|a Psychology, Applied.
|
| 655 |
|
0 |
|a Electronic journals.
|
| 710 |
2 |
|
|a University of Alabama.
|
| 710 |
2 |
|
|a University of Alabama.
|b School of Law.
|
| 776 |
0 |
8 |
|i Print version:
|t Law & psychology review
|x 0098-5961
|w (DLC) 75643789
|w (OCoLC)2241415
|
| 856 |
4 |
0 |
|z Full text available from Research Library: 04/01/2005 to present
|u https://search.proquest.com/publication/47111
|